| 000 | 00443cam a2200181ua 4500 | ||
|---|---|---|---|
| 020 | _c50.00 | ||
| 041 |
_aeng _h |
||
| 082 |
_a515 _bSHA/CO |
||
| 100 | _aShanti, Narayan . | ||
| 245 |
_aCourse of mathematical analysis / _cShanti Narayan. _hTextual Documents |
||
| 250 |
_a12 / _b. |
||
| 260 |
_aNew Delhi : _bS.Chand and Co , _c1992. |
||
| 300 | _a431 ; . | ||
| 365 | _a50.00 | ||
| 504 | _a | ||
| 942 | _cBK | ||
| 999 |
_c9389 _d9389 |
||